000 00626nam a22001817a 4500
003 OSt
005 20251125092501.0
008 251125b |||||||| |||| 00| 0 eng d
020 _a971-91733-0-0
040 _aDWC-Main lib
_cOC
082 _22nd edition
_aFil. 371.3 T693 1996
100 _aTorres, P.
245 _aLearning excellence :
_ba masteral course in learning how to learn
_cTorres, Philip T.
250 _a2nd edition
260 _aManila :
_bPhilip T.Torres,
_c c1996.
300 _aix, 142 pages :
_c28 cm.
942 _2ddc
_cBK - FIL
_e2nd edition
_hFil. 371.3 T693 1996
_kFil.
_n0
999 _c6173
_d6173